Cash accounting model and its application in solving financial situation of businesses in the Slovak Republic

Základné princípy uplatňovania štandardného režimu DPH. Osobitný režim uplatňovania DPH. Základné rozdiely pri uplatňovaní štandardného a osobitného režimu DPH. Aplikačné problémy uplatňovania osobitného režimu DPH.

Guardado en:
Detalles Bibliográficos
Autor principal: Baštincová, Anna
Formato: Capítulo de libro
Lenguaje:eslovaco
Materias:
Etiquetas: Agregar Etiqueta
Sin Etiquetas, Sea el primero en etiquetar este registro!

MARC

LEADER 00000naa$a2200000$$$4500
001 0222811
005 20240502083553.2
041 0 |a slo 
044 |a CZ 
245 1 0 |a Cash accounting model and its application in solving financial situation of businesses in the Slovak Republic  |c Anna Baštincová 
520 |a Základné princípy uplatňovania štandardného režimu DPH. Osobitný režim uplatňovania DPH. Základné rozdiely pri uplatňovaní štandardného a osobitného režimu DPH. Aplikačné problémy uplatňovania osobitného režimu DPH. 
610 2 0 |a dane 
610 2 0 |a dane z hodnoty pridanej 
610 2 0 |a zdaňovanie 
610 2 0 |a odpočet dane 
610 2 0 |a dodávatelia 
610 2 0 |a odberatelia 
610 2 0 |a povinnosť daňová 
100 1 |a Baštincová, Anna